000 00335nam a22000977a 4500
008 150728b xxu||||| |||| 00| 0 eng d
010 _8HCCRSARF:038
245 _aHIGH COURT CRIMINAL SESSION NO.1 OF 1978 Uganda Vs Matayo Mutabazi 2. Faustino Mushumba 3.
260 _aHigh court Kampala
500 _3BEFORE: Hon. Mr. Justice P. Nyamuchoncho
999 _c8303
_d8303